Szczegóły MARC21

Listy do przyjaciół-pisarzy /

003 -Nazwa inst., której nr kontr. jest w polu 001 [,]
    • @
    • Nazwa instytucji, której n kontrolny jest w polu 001
    • NUKAT
005 -DATA I CZAS OSTATNIEJ MODYFIKACJI [,]
    • @
    • pole kontrolne
    • 20241231111048.0
040 -Instytucja sporządzająca opis [ , ]
    • a
    • Instytucja, która sporządziła opis (NP)
    • Ł 177/MK
    • c
    • Instytucja, która sporządziła rekord (NP)
    • Ł 177/MK
    • d
    • Instytucja, która zmodyfikowała rekord (P)
    • KIEL 010/JRs
    • d
    • Instytucja, która zmodyfikowała rekord (P)
    • GD 27/LKs
942 -Rodzaj dokumentu [ , ]
    • c
    • Rodzaj dokumentu
    • Książka
100 -Hasło główne - nazwa osobowa [1, ]
    • a
    • Nazwa osobowa (NP)
    • Tuwim, Julian
    • d
    • Daty biograficzne (NP)
    • (1894-1953).
    • 9
    • KHW
    • 62712
245 -Strefa tytułu i oznaczenia odpowiedzialności [1,0]
    • a
    • Tytuł
    • Listy do przyjaciół-pisarzy / Find
    • c
    • Pozostałe elementy strefy tytułu i oznaczenia odpowiedzialności (NP)
    • Julian Tuwim ; oprac. Tadeusz Januszewski ; [listy do Jarosława Iwaszkiewicza oprac. Janusz Stradecki ; indeksy oprac. Tadeusz Januszewski].
260 -Strefa adresu wydawniczego [ , ]
    • a
    • Miejsce wydania (P)
    • Warszawa :
    • b
    • Nazwa wydawcy (P)
    • "Czytelnik",
    • c
    • Data wydania (P)
    • 1979.
300 -Strefa opisu fizycznego [ , ]
    • a
    • Określenie formy książki i/lub objętość (NP)
    • 497, [2] s., [30] s. tabl. :
    • b
    • Oznaczenie ilustracji (NP)
    • il. ;
    • c
    • Format (NP)
    • 21 cm.
336 -Typ zawartości [ , ]
    • a
    • Termin opisujący typ zawartości
    • Tekst
    • b
    • Kod określający zawartość
    • txt
    • 2
    • Źródło (terminu i kodu)
    • rdacontent
337 -Typ mediów [ , ]
    • a
    • Tryb odtwarzania
    • Bez urządzenia pośredniczącego
    • b
    • Kod typu mediów
    • n
    • 2
    • Źródło (terminu i kodu)
    • rdamedia
338 -Typ/rodzaj nośnika [ , ]
    • a
    • Hasło opisujące typ nośnika
    • Wolumin
    • b
    • Kod typu nośnika
    • nc
    • 2
    • Źródło (terminu i kodu)
    • rdacarrier
500 -Uwaga ogólna [ , ]
    • a
    • Uwaga ogólna (NP)
    • Indeks utworów Juliana Tuwima s. 476.
504 -Uwaga dot. bibliogr. załącznikowej [ , ]
    • a
    • Uwaga dot. bibliografii załącznikowej
    • Biliogr. s. 461-468.
080 -Uniwersalna Klasyfikacja Dziesiętna [ , ]
    • a
    • Symbol klasyfikacji
    • 884-6
080 -Uniwersalna Klasyfikacja Dziesiętna [ , ]
    • a
    • Symbol klasyfikacji
    • :929(438)"18/19"Tuwim J.
600 -Hasło przedmiotowe w formie nazwy osobowej [1,7]
    • a
    • Nazwa osobowa
    • Tuwim, Julian
    • d
    • Daty związane z nazwą
    • (1894-1953)
    • v
    • Określnik formalny
    • korespondencja.
    • 2
    • Źródło terminu
    • kaba
    • 9
    • KHW
    • 362612
980 -Symbol UKD [ , ]
    • a
    • UKD
    • 884-6:929(438)"18/19"Tuwim J.
700 -Hasło dodatkowe - nazwa osobowa [1, ]
    • a
    • Nazwa osobowa (NP)
    • Januszewski, Tadeusz Find
    • d
    • Daty biograficzne (NP)
    • (1934-2018).
    • e
    • Określenie rodzaju współpracy
    • Oprac.
    • 9
    • KHW
    • 31929
700 -Hasło dodatkowe - nazwa osobowa [1, ]
    • a
    • Nazwa osobowa (NP)
    • Stradecki, Janusz Find
    • d
    • Daty biograficzne (NP)
    • (1920-1988).
    • e
    • Określenie rodzaju współpracy
    • Oprac.
    • 9
    • KHW
    • 59581
710 -Hasło dodatkowe - nazwa ciała zbiorowego [2, ]
    • a
    • Nazwa ciała zbiorowego lub nazwa geograficzna jako pierwszy element (NP)
    • Spółdzielnia Wydawnicza "Czytelnik".
    • 4
    • Kod relacji
    • pbl
    • 9
    • KHW
    • 52317
Status udost. Numer inwentarzowy Sygnatura Lokalizacja Data inwentaryzacji
1Z.37679Z.37679BG2002-11-22
1JK.406 BG2002-12-11
1P.2107 BM2002-11-22